| Tag |
First Indicator |
Second Indicator |
Subfields |
| LEADER |
00000cam a2200000 a 4500 |
| 001 |
in00000517821 |
| 005 |
20151013074337.0 |
| 008 |
840125s1983 ohu b 00110 eng d |
| 010 |
|
|
|a 81066077
|
| 020 |
|
|
|a 0935950052 (v.1)
|
| 020 |
|
|
|a 0935950044 (v.2)
|
| 035 |
|
|
|a (OCoLC)10338288
|
| 035 |
|
|
|9 ACE6810AM
|
| 040 |
|
|
|a BUF
|c BUF
|d TXA
|d UtOrBLW
|
| 049 |
|
|
|a TXAM
|v 1 [776821]
|
| 090 |
|
|
|a Z6654.O7
|b H3 1983
|
| 100 |
1 |
|
|a Harter, H. Leon
|q (Harman Leon),
|d 1919-
|
| 245 |
1 |
4 |
|a The chronological annotated bibliography of order statistics /
|c H. Leon Harter.
|
| 264 |
|
1 |
|a Columbus, Ohio :
|b American Sciences Press,
|c 1983.
|
| 300 |
|
|
|a 2 volumes ;
|c 22 cm.
|
| 336 |
|
|
|a text
|b txt
|2 rdacontent
|
| 337 |
|
|
|a unmediated
|b n
|2 rdamedia
|
| 338 |
|
|
|a volume
|b nc
|2 rdacarrier
|
| 490 |
1 |
|
|a American series in mathematical and management sciences ;
|v v. 7-8
|
| 504 |
|
|
|a Includes bibliographical references and indexes.
|
| 505 |
0 |
|
|a v. 1. Pre-1950 -- v. 2. 1950-1959.
|
| 650 |
|
0 |
|a Order statistics
|x Bibliography.
|
| 830 |
|
0 |
|a American series in mathematical and management sciences ;
|v v. 7-8.
|
| 999 |
|
|
|a MARS
|
| 999 |
f |
f |
|s 82af357b-94ba-3a98-ab3f-d2c9e1b33cbc
|i da9e34c3-f747-3c72-b193-c0bfde8cd259
|t 0
|
| 952 |
f |
f |
|p ric
|a Texas A&M University
|b Rellis Campus
|c Joint Library Facility
|d Remote Storage
|t 0
|e Z6654.O7 H3 1983
|h Library of Congress classification
|i unmediated -- volume
|k v.1
|m A14842632110
|
| 998 |
f |
f |
|a Z6654.O7 H3 1983
|s v.1
|t 0
|l Remote Storage
|